000 00471nam a2200157 i 4500
001 142755
003 ES-MaACL
005 20230906200620.0
007 t|
008 071009s1925 sp ||||1| cat d
100 1 _aVidal, Plácid.
_9114456
245 1 4 _aEls singulars anedóctics
_b: editat per segona vegada i seguits d'una nova serie /
_cPlácid Vidal.
260 _aBarcelona :
_bJoaquim Horta,
_c1925.
300 _a295 p. ;
_c20 cm.
852 _aES-MaACL
_jF-5885
999 _c142755
_d142755